Word Ladder: Cash Countdown Quiz Stats

 Plays Quiz Updated Jul 25, 2014

Support Sporcle.
Go Orange.
Score 0/14 Timer 01:00
0 Plays Today
Hint 3-Letter Word % Correct
Fish body partFIN
95.5%
RepairFIX
93.6%
ChildKID
91.4%
Hamilton appears on this billTEN
91.2%
Band-___AID
90.9%
Kevin Costner starred in '___ Cup'TIN
89.9%
Nocturnal bird of preyOWL
86.5%
Hint 3-Letter Word % Correct
Washington appears on this billONE
86.1%
Under obligation to payOWE
82.3%
Feel illAIL
79.9%
Veto or rejectNIX
77.9%
American Girl's KittredgeKIT
76.7%
Piercing toolAWL
75.9%
The egg of a louseNIT
73.5%

Today's Daily Dose

You're not logged in!

Compare scores with friends on all Sporcle quizzes.
OR
Log In

From the Vault

Countries on Crusade

by AdamBishop

We're kind of disappointed by the lack of Indiana Jones.
Remove Ads.
Support Sporcle.
Get the best of Sporcle when you Go Orange. This ad-free experience offers more features, more stats, and more fun while also helping to support Sporcle. Thank you for becoming a member.

Show Comments

Extras

Top Quizzes Today


Score Distribution

Your Account Isn't Verified!

In order to create a playlist on Sporcle, you need to verify the email address you used during registration. Go to your Sporcle Settings to finish the process.

Report this User

Report this user for behavior that violates our Community Guidelines.

Details: